2004 onur ödülü altın madalyası sahibi Ayhan Baran'a armağan : (Record no. 15352)

MARC details
000 -BAŞLIK
Sabit Uzunlukta Kontrol Alanı 00856nam a22002297a 4500
999 ## - SİSTEM KONTROL NUMARALARI (KOHA)
Koha Biblionumber 15352
Koha Biblioitemnumber 15352
003 - KONTROL NUMARASI IDENTIFIER
Denetim Alanı MIRAKIL
005 - SON İŞLEM TARİHİ VE ZAMANI
Denetim Alanı 20240213154002.0
008 - SABİT-BOY VERİ ELEMANLARI - GENEL BİLGİLER
Sabit Uzunlukta Kontrol Alanı 240213b tu ||||| |||| 00| 0 tur d
020 ## - ULUSLARARASI STANDART KİTAP NUMARASI
Uluslararası Standart Kitap Numarası 9756813695
040 ## - KATALOGLAMA KAYNAK
Orijinal Kataloglama Ajansı TR-AnCHP
Metne Dönüştürmek Ajansı TR-AnCHP
041 ## - DİL KODU
Metin / Ses Parça Veya Ayrı Başlığın Dil Kodu Türkçe
082 ## - DEWEY ONLU SINIFLANDIRMA NUMARASI
Sınıflandırma Numarası 782.1092
Ürün Numarası K23a 2005
090 ## - SINIFLAMA NUMARASI
Sınıflama Numarası 782.1092 K23a 2005
100 ## - ANA GİRİŞ - KİŞİSEL İSİM
Kişisel Ad Kahramankaptan, Şefik
245 10 - BAŞLIK TABLOSU
Başlık 2004 onur ödülü altın madalyası sahibi Ayhan Baran'a armağan :
Başlığın Kalan Bel Canto'nun efsâne ustası /
Sorumluluk Tablosu, Vb Şefik Kahramankaptan
260 ## - YAYIN, DAĞITIM, VB
Yayın, Dağıtım, Vb Yeri Ankara :
Yayıncı, Dağıtıcı, Vs Adı Sevda-Cenap And Müzik Vakfı,
Yayın, Dağıtım, Vb Tarihi 2005
300 ## - FİZİKSEL TANIM
Kapsam 220 s. :
Diğer Fiziksel Ayrıntıları res., fotoğ. ;
Boyutlar 20 cm +
Eşlik Eden Malzeme 1 CD
490 0# - SERİSİ TABLOSU
Seri Beyanı Onur ödülü altın madalyası sahipleri dizisi ;
Hacim / Ardışık Tanımı no: 17
650 #0 - KONU KATMA GİRİŞ - TOPİKAL DÖNEM
9 (RLIN) 7506
Topikal Süreli Veya Coğrafi Ad Giriş Elemanı Opera sanatçıları
856 ## - ELEKTRONİK YER VE ERİŞİM
Kamu Notu Dijital Nüshası için Partimizin Kütüphane Sorumlusu ile iletişime geçiniz.
942 ## - EKLENDİ GİRİŞ ELEMANLARI (KOHA)
Sınıflandırma Veya Raf Düzeni Kaynak Dewey Decimal Classification
Koha Öğesi Türü Books
Holdings
Kalıcı Konum Mevcut Konum Edinme Tarihi Toplam Check-Out'Lar Tam Çağrı Numarası Barkod Tarih Son Görülme İtibaren Geçerli Fiyatlar Koha Öğesi Türü
CHP Kütüphanesi CHP Kütüphanesi 02/13/2024   782.1092 K23a 2005 20940 02/13/2024 02/13/2024 Books